Basic Hindi words and phrases English Meaning - Statistics

General Stats
  • This quiz has been taken 143 times
    31 since last reset
  • The average score is 19 of 91
Answer Stats
Hint Answer % Correct
laal Red
64%
kaun Who
59%
kahaan Where
55%
aap kaise hain How are you?
50%
aur aap? And you?
45%
sundar Beautiful
45%
kitaab Book
45%
alvidaa! Goodbye
45%
shubh ratree Good night
45%
udna Fly
41%
mera naam Juanito Seaborn hai My name is Juanito Seaborn.
41%
aapka kya naam hai? What is your name?
41%
seb Apple
36%
yahan Here
36%
jaise like/as an example/ for example
36%
kripya Please
36%
pucchna To ask
36%
aana To go somewhere/to come
36%
samajhate Understand
36%
janamdin Birthday
32%
Geoguessr khelna chaahate hain? Do you want to play Geoguessr?
32%
sabse pehle First of all
32%
adrak wali chai Ginger tea
32%
dukaan Shop
32%
aapna dhyaan rakhiega! Take care
32%
hava Wind
32%
iske baad After this
27%
gaajar Carrot
27%
gaadiyan Cars
27%
badhaee ho Congratulations
27%
raat ka khaana Dinner
27%
roj roj Every day
27%
suprabhat Good morning
27%
yah kitne ka hai? How much is this?
27%
naukaree Job
27%
dikhana Show
27%
banaana To make
27%
sochna To think
27%
chalna To walk
27%
bachchee Children
23%
par on/at-
23%
surakshit Safe
23%
ret Sand
23%
yah seb This apple
23%
suno To listen
23%
sanyukt raajy amerika United States of America
23%
sanyukt raajy amerika United States of America
23%
Main ghar mein hoon I’m at home
18%
Main bazar mein hoon I’m at the market
18%
aapse milkar khushi hui Nice to meet you
18%
to So
18%
bharna To fill
18%
samjhiye To understand
18%
kaun hai ve Who are they?
18%
baarah rupaye 12 rupees
14%
kiske liye For whom?
14%
aapakee aayu kitanee hai? How old are you?
14%
main bhee theek hoon I am also good
14%
chaliye shuru karte hain let’s begin/let's start
14%
khaana banaate Make food
14%
chhaatr Student
14%
khaoonga Will eat
14%
daant saaf Brush teeth
9%
kya tumhaara koee paalatoo hai? Do you have any pets?
9%
purush shikshak Male teacher
9%
nahin No, not
9%
baarish To rain
9%
band karna To stop
9%
shauchaalay kahan hai? Where is the restroom?
9%
kya mujhe chek mil sakata hai? Can I get a check?
5%
bareek Finely
5%
dijiye Give it
5%
koee paalatoo jaanavar hai? Have any pets?
5%
pateeli mein paani daal rahi hoon I’m pouring water into the pot
5%
iski jagah In place of
5%
dhoop sunny
5%
ubalna To boil
5%
cheel To peel
5%
dalna To put/add
5%
prateeksha Wait
5%
saavdhaan Attention, awareness
0%
sunvad Dialogue
0%
peeti Drinking
0%
adhyaapika Female teacher
0%
tere dil kee galiyon se From the lanes of your heart
0%
mera dukaan Lajma Nagar mein hoon. I’m shopping in Lajma Nagar
0%
ke jaise Like, as the
0%
ab chaliye aage badhte hain Now let’s move forward
0%
ji Respect marker
0%
padhate To study, to read
0%
bhee chalegi Will also work
0%
No matching quizzes found
Score Distribution
Percent of People with Each Score
Percentile by Number Answered
Your Score History
You have not taken this quiz since the last reset